Harry Potter Library Logic Puzzle Quiz Stats

Quiz Updated Jul 13, 2016

Challenge
Share
Tweet
Score 0/30 Timer 20:00
105 Plays Today
- - % Correct
Irma Pince






???
100%
Hannah Abbott





???
73.3%
Pomona Sprout





???
70.2%
Zacharias Smith





???
67.9%
Severus Snape





???
66.4%
Minerva McGonagall





???
61.6%
George Weasley





???
58.3%
Fred Weasley





???
56.4%
Filius Flitwick





???
51.9%
Draco Malfoy





???
31.6%
Parvati Patil





???
30.1%
Oliver
Wood





???
29.4%
Gregory Goyle





???
29%
Rubeus Hagrid





???
27.6%
Lee Jordan






???
26.8%
- - % Correct
Justin Finch-Fletchley




???
25.8%
Percy Weasley





???
25.6%
Padma Patil






???
25.5%
Vincent Crabbe





???
25.3%
Luna Lovegood





???
24.3%
Pansy Parkinson





???
23.7%
Harry Potter





???
23.1%
Lavender Brown





???
21.2%
Ron Weasley





???
18.6%
Neville Longbottom





???
15.1%
Hermione Granger





???
12%
Ginny Weasley





???
9.2%
Cho Chang






???
8.8%
Seamus Finnigan





???
8.6%
Gilderoy Lockhart





???
6.4%

You're not logged in!

Compare scores with friends on all Sporcle quizzes.
Sign Up with Email
OR
Log In

You Might Also Like...

Show Comments

Extras

Top Quizzes Today


Score Distribution

Your Account Isn't Verified!

In order to create a playlist on Sporcle, you need to verify the email address you used during registration. Go to your Sporcle Settings to finish the process.